Introductio in Sacram Scripturam
Shranjeno v:
| Glavni avtor: | |
|---|---|
| Format: | Knjiga |
| Jezik: | latinščina |
| Izdano: |
Amberes
H. Dessain
1873
|
| Izdaja: | 2a. ed |
| Teme: | |
| Oznake: |
Označite
Brez oznak, prvi označite!
|
MARC
| LEADER | 00000cam a2200000 a 4500 | ||
|---|---|---|---|
| 001 | UCD2478 | ||
| 003 | CL-VaPUC | ||
| 008 | 160428e18730000be |||||||||||||||||lat|d | ||
| 082 | 0 | 4 | |a 220.63 |b LAM |2 21 |
| 100 | |a Lamy, Thomas Joseph |e author |9 585826 | ||
| 245 | 1 | 0 | |a Introductio in Sacram Scripturam |
| 250 | |a 2a. ed | ||
| 300 | |a v | ||
| 942 | |c BK | ||
| 945 | |d 20160428 21:50:00 |a dcastane | ||
| 260 | |a Amberes |b H. Dessain |c 1873 | ||
| 650 | 0 | |a Biblia |9 257603 | |
| 650 | 0 | |a Sagradas escrituras |9 349657 | |
| 650 | 0 | |a Crítica e interpretación |9 255042 | |
| 583 | |a last modification |c 20160428 21:50:00 |k Rodrigo Vera | ||
| 999 | |c 363640 |d 363638 | ||
| 952 | |0 0 |1 0 |3 erd |4 0 |6 220_630000000000000_LAM_1873 |7 0 |8 X |9 476254 |a BIBTEO |b BIBTEO |c TEO_FFR |h v.1 |i 5229006 |o 220.63 LAM 1873 |p 5229006 |r 2024-01-18 |w 2019-11-24 |y BK_X |z Catalogado en:20160428 |k OFM | ||
| 952 | |0 0 |1 0 |3 erd |4 0 |6 220_630000000000000_LAM_1873 |7 0 |8 X |9 476255 |a BIBTEO |b BIBTEO |c TEO_FFR |h v.2 |i 5229014 |o 220.63 LAM 1873 |p 5229014 |r 2024-01-18 |w 2019-11-24 |y BK_X |z Catalogado en:20160428 |k OFM | ||